书目信息 |
| 题名: |
随机微分方程引论
|
|
| 作者: | 龚光鲁 编著 | |
| 分册: | ||
| 出版信息: | 北京 北京大学出版社 1995.11 |
|
| 页数: | 559页 | |
| 开本: | 32开 | |
| 丛书名: | ||
| 单 册: | ||
| 中图分类: | ||
| 科图分类: | ||
| 主题词: | 数学分析 | |
| 电子资源: | ||
| ISBN: | 7-301-00475-3 | |
| 000 | 00587nam0 2200217 45 | |
| 001 | 99080516 3 | |
| 005 | 19990805162804.1 | |
| 010 | @a7-301-00475-3@d25.00元 | |
| 100 | @a19990805d1995 km y0chiy0120 ea | |
| 101 | @achi | |
| 105 | @a z 000yy | |
| 200 | 1 | @a随机微分方程引论@ASui Ji Wei Fen Fang Cheng Yin Lun@f龚光鲁 编著@FGong Guang Lu Bian Zhu |
| 205 | @a2 | |
| 210 | @a北京@c北京大学出版社@d1995.11 | |
| 215 | @a559页@d32开 | |
| 606 | 0 | @a数学分析 |
| 690 | @v3 | |
| 690 | @aO172 | |
| 701 | @a龚光鲁@4编著 | |
| 801 | @aCN@bCJ@c19990805 | |
| 905 | @f3@b40028-030@dO172@eG475=2 | |
| 随机微分方程引论/龚光鲁 编著.-2.-北京:北京大学出版社,1995.11 |
| 559页;32开 |
| ISBN 7-301-00475-3:25.00元 |
| ● |
| 相关链接 |
|
|
|
正题名:随机微分方程引论
索取号:O172/G475=2
 
预约/预借
| 序号 | 登录号 | 条形码 | 馆藏地/架位号 | 状态 | 备注 |
| 1 | 40028 | 200400280 | 自科二线504/504自科库 48排1列6层/ [索取号:O172/G475=2] | 在馆 | |
| 2 | 40029 | 200400299 | 自科二线504/504自科库 48排1列6层/ [索取号:O172/G475=2] | 在馆 | |
| 3 | 40030 | 200400306 | 自科二线504/504自科库 48排1列6层/ [索取号:O172/G475=2] | 在馆 |